Skip to main content
Your cart is empty.
Your lists
Log in to create your own lists
Your cookies
العربية
English
العربية
Home
Search
Advanced search
Authority search
About
The noble scholar, jurist, historian
His Excellency Dr. Abdul Wahhab bin Ibrahim Abu Sulaiman, may Allah have mercy on him.
He was born in Umm Al-Qura in the year 1356 AH.
Library catalog
Title
Author
Subject
ISBN
ISSN
Series
Call number
Log in to your account
×
Login:
Password:
Home
MARC view: مختلف الحديث وموقف النقاد والمحدثين منه /
Normal view
MARC view
ISBD view
مختلف الحديث وموقف النقاد والمحدثين منه / (Record no. 13543)
[
view plain
]
MARC details
000 -LEADER
fixed length control field
01396ctm a2200277 i 4500
003 - CONTROL NUMBER IDENTIFIER
control field
SA-RiAUC
005 - DATE AND TIME OF LATEST TRANSACTION
control field
20251215132318.0
008 - FIXED-LENGTH DATA ELEMENTS--GENERAL INFORMATION
fixed length control field
251209s1982 su f m 00000 ara c
040 ## - CATALOGING SOURCE
Original cataloging agency
SA-JeALM
Language of cataloging
ara
Transcribing agency
SA-RiAUC
Description conventions
rda
082 04 - DEWEY DECIMAL CLASSIFICATION NUMBER
Classification number
231.5
090 ## - LOCALLY ASSIGNED LC-TYPE CALL NUMBER (OCLC); LOCAL CALL NUMBER (RLIN)
Classification number (OCLC) (R) ; Classification number, CALL (RLIN) (NR)
ر 231.5
Local cutter number (OCLC) ; Book number/undivided call number, CALL (RLIN)
خ ي ا
100 1# - MAIN ENTRY--PERSONAL NAME
Personal name
خياط، أسامة عبد الله عبد الغني،
Dates associated with a name
1357 هجري-
Relator term
مؤلف.
245 10 - TITLE STATEMENT
Title
مختلف الحديث وموقف النقاد والمحدثين منه /
Statement of responsibility, etc.
أعدها أسامة بن عبد الله بن عبد الغني خياط ؛ إشراف أحمد محمد نور سيف.
264 #0 - PRODUCTION, PUBLICATION, DISTRIBUTION, MANUFACTURE, AND COPYRIGHT NOTICE
Place of production, publication, distribution, manufacture
مكة المكرمة :
Name of producer, publisher, distributor, manufacturer
جامعة أم القرى.
Date of production, publication, distribution, manufacture, or copyright notice
1982
300 ## - PHYSICAL DESCRIPTION
Extent
599 ورقة ؛
Dimensions
32 سم
336 ## - CONTENT TYPE
Content type term
نص
Content type code
txt
Source
rdacontent
Materials specified
أطروحة
337 ## - MEDIA TYPE
Media type term
بدون وسيط
Media type code
n
Source
rdamedia
338 ## - CARRIER TYPE
Carrier type term
مجلد
Carrier type code
nc
Source
rdacarrier
500 ## - GENERAL NOTE
General note
إهداء من المؤلف أسامة بن عبد الله بن عبد الغني خياط بتاريخ 1402/8/20 هـ
500 ## - GENERAL NOTE
General note
أطروحة (ماجستير)-جامعة أم القرى، كلية الشريعة، 1402 هجري.
502 ## - DISSERTATION NOTE
Dissertation note
أطروحة (ماجستير)-جامعة أم القرى، كلية الشريعة، 1402 هجري.
650 #7 - SUBJECT ADDED ENTRY--TOPICAL TERM
Topical term or geographic name entry element
الحديث
General subdivision
مشكل
Source of heading or term
aucsh
700 ## - ADDED ENTRY--PERSONAL NAME
Personal name
سيف, أحمد محمد نور .
Relator term
إشراف
942 ## - ADDED ENTRY ELEMENTS (KOHA)
Source of classification or shelving scheme
Dewey Decimal Classification
Koha item type
رسالة علمية
Suppress in OPAC
No
949 ## - LOCAL PROCESSING INFORMATION (OCLC)
a
SA-JeALM
d
251209
u
mohamedma123
n
1
Holdings
Withdrawn status
Lost status
Source of classification or shelving scheme
Damaged status
Not for loan
Home library
Current library
Date acquired
Total checkouts
Full call number
Barcode
Date last seen
Price effective from
Koha item type
Dewey Decimal Classification
DR AbdElwahab Library
DR AbdElwahab Library
12/15/2025
ر 231.5 خ ي ا
000021720
12/15/2025
12/15/2025
رسالة علمية
Place hold
Print
Add to your cart
(remove)
Save record
BIBTEX
Dublin Core
MARCXML
MARC (non-Unicode/MARC-8)
MARC (Unicode/UTF-8)
MARC (Unicode/UTF-8, Standard)
MODS (XML)
RIS
ISBD
More searches
Search for this title in:
Other Libraries (WorldCat)
Other Databases (Google Scholar)
Online Stores (Bookfinder.com)
Open Library (openlibrary.org)
Exporting to Dublin Core...
×
Simple DC-RDF
OAI-DC
SRW-DC